书目信息 |
| 题名: |
旅游规划原理
|
|
| 作者: | ;国家旅游局人事劳动教育司 编 | |
| 分册: | ||
| 出版信息: | 北京 旅游教育出版社 1999 |
|
| 页数: | 340页 | |
| 开本: | 21cm | |
| 丛书名: | 全国旅游院校、旅游行业岗位培训系列统编教材 | |
| 单 册: | ||
| 中图分类: | F590.1-43 | |
| 科图分类: | ||
| 主题词: | 旅游业--lu^ you ye--经济规划--高等学校--教材 , 旅游业--lu^ you ye , 经济规划--jing ji gui hua | |
| 电子资源: | ||
| ISBN: | 7-5637-0835-9 | |
| 000 | 01073nam0 2200265 45 | |
| 001 | 012003028029 | |
| 005 | 20061228103408.35 | |
| 010 | @a7-5637-0835-9@dCNY15.00 | |
| 100 | @a20010625d1999 em y0chiy0121 ea | |
| 101 | 0 | @achi |
| 102 | @aCN@b110000 | |
| 105 | @ay z 000yy | |
| 200 | 1 | @a旅游规划原理@Alu^ you gui hua yuan li@f国家旅游局人事劳动教育司编 |
| 210 | @a北京@c旅游教育出版社@d1999 | |
| 215 | @a340页@d21cm | |
| 225 | 2 | @a全国旅游院校、旅游行业岗位培训系列统编教材@Aquan guo lu^ you yuan xiao、 lu^ you hang ye gang wei pei xun xi lie tong bian jiao cai |
| 330 | @a本书介绍了旅游规划的发展、对象、概念, 旅游规划的理论体系、技术体系, 旅游规划的编制, 旅游规划的实施管理等内容。 | |
| 410 | 0 | @12001 @a全国旅游院校、旅游行业岗位培训系列统编教材 |
| 606 | 0 | @a旅游业@Alu^ you ye@x经济规划@x高等学校@j教材 |
| 606 | 0 | @a旅游业@Alu^ you ye |
| 606 | 0 | @a经济规划@Ajing ji gui hua |
| 690 | @aF590.1-43@v4 | |
| 711 | 02 | @a国家旅游局人事劳动教育司@Aguo jia lu^ you ju ren shi lao dong jiao yu si@4编 |
| 801 | 0 | @aCN@c20061228 |
| 905 | @a10447@dF590.1-43@eG926 | |
| 旅游规划原理/国家旅游局人事劳动教育司编.-北京:旅游教育出版社,1999 |
| 340页;21cm.-(全国旅游院校、旅游行业岗位培训系列统编教材) |
| ISBN 7-5637-0835-9:CNY15.00 |
| 本书介绍了旅游规划的发展、对象、概念, 旅游规划的理论体系、技术体系, 旅游规划的编制, 旅游规划的实施管理等内容。 |
| ● |
| 相关链接 |
|
|
|
正题名:旅游规划原理
索取号:F590.1-43/G926
 
预约/预借
| 序号 | 登录号 | 条形码 | 馆藏地/架位号 | 状态 | 备注 |
| 1 | 640342 | 206403426 | 社科二线422/409社科库 38排7列3层/ [索取号:F590.1-43/G926] | 在馆 | |
| 2 | 640343 | 206403435 | 社科库409/409社科库 38排7列3层/ [索取号:F590.1-43/G926] | 在馆 | |
| 3 | 640344 | 206403444 | 社科库409/409社科库 38排7列3层/ [索取号:F590.1-43/G926] | 在馆 |